000
00280nam a22001337a 4500
008
170329b xxu||||| |||| 00| 0 eng d
020
_a
079837759221
041
_a
eng
080
_a
796.3
100
_a
8
101
_a
SHM
245
_a
BASEBALL GUIDE
_c
SLOAN, D
942
_2
udc
_c
BK
999
_c
8908
_d
8908